000 00835cam a2200193 4500
001 WB3908-12
008 030227n2003 000 0 eng u
035 _a(Sirsi) u121459
245 _aModel for evening economy management
260 _c2003
490 _aNew Urban Futures
_v (9) 20 February 2003, 2(1)
520 _aResearch is being carried out by Camden council in conjunction with the London mayor which could lead to the introduction of the first entertainment management zone. This could provide a new model for balancing the needs of the evening economy with those of local residents. More information from http://www.london.gov.uk
590 _aWB
650 _aCAMDEN COUNCIL
650 _aENTERTAINMENT SECTOR
650 _aENTERTAINMENT MANAGEMENT ZONES
690 _aPROPERTY-PROPERTY DEVELOPMENT
942 _n0
999 _c72179
_d72179